| 000 | 00000nam##2200000za#4500 |
| 001 | 9.684098 |
| 003 | CaOODSP |
| 005 | 20210615134006 |
| 007 | ta |
| 008 | 150407|2007||||xxc||||| f|0| 0 fre|d |
| 020 | |a978-0-662-08022-0 |
| 040 | |aCaOODSP|bfre |
| 043 | |an-cn--- |
| 086 | 1 |aEn4-84/2008F |
| 110 | 1 |aCanada. |bEnvironnement Canada. |
| 245 | 10|aDirectives pour définir les critères de fin de nettoyage des rives mazoutées suite à des déversements d'hydrocarbures / |cpar G.A Sergy et E.H. Owens. |
| 260 | |aOttawa - Ontario : |bEnvironnement Canada |cOctobre 2007. |
| 300 | |a28p. : |bfigures, références, tableaux ; |c22 cm. |
| 500 | |aEn tête du titre: «Mesures d'intervention et évaluation du traitement des rives mazoutées». |
| 520 | 3 |aDonne des directives et des conseils pour choisir les critères de fin de nettoyage des rives mazoutées et en mesurer l’atteinte. |
| 563 | |aCouverture souple |
| 590 | |a08-49|b2008-12-05 |
| 691 | 07|aDéversement de pétrole|2gcpds |
| 720 | 1 |aSergy, Gary A. |
| 720 | 1 |aOwens, E. H. |
| 775 | 08|tGuidelines for selecting shoreline treatment endpoints for oil spill response / |w(CaOODSP)9.651059 |
| 776 | 0#|tDirectives pour définir les critères de fin de nettoyage des rives mazoutées suite à des déversements d'hydrocarbures |w(CaOODSP)9.634950 |